Agony of plantaiton workers in North-East India (Record no. 42901)

MARC details
000 -LEADER
fixed length control field 00398nam a2200145Ia 4500
020 ## - INTERNATIONAL STANDARD BOOK NUMBER
ISBN 817835571X
082 ## - DEWEY DECIMAL CLASSIFICATION NUMBER
Classification number 331.35:631.96(541)
Item number SHA
100 ## - MAIN ENTRY--AUTHOR NAME
Personal name Das, T C
245 #0 - TITLE STATEMENT
Title Agony of plantaiton workers in North-East India
260 ## - PUBLICATION, DISTRIBUTION, ETC. (IMPRINT)
Place of publication Delhi
Name of publisher Kalpaz Publications
Year of publication 2008
650 ## - SUBJECT ADDED ENTRY--TOPICAL TERM
Topical Term Tea industry workers
700 ## - ADDED ENTRY--PERSONAL NAME
Personal name Sharma, K R
942 ## - ADDED ENTRY ELEMENTS (KOHA)
Koha item type Books
Holdings
Withdrawn status Lost status Damaged status Not for loan Home library Current library Date acquired Cost, normal purchase price Full call number Accession Number Koha item type
        RRII Library RRII Library 16/12/2021 750.00 331.35:631.96(541) SHA 23165 Books